Hạt nhân và vết của một tương đẳng trên nửa nhóm chính quy. Luận văn thạc sĩ toán học.

Enregistré dans:
Détails bibliographiques
Auteur principal: Nguyễn, Viết Trung
Autres auteurs: Lê, Quốc Hán (Hướng dẫn)
Format: Thèse Kit Livre
Langue:Vietnamese
Publié: Vinh Đại học Vinh 2010
Sujets:
Tags: Ajouter un tag
Pas de tags, Soyez le premier à ajouter un tag!
Thư viện lưu trữ: Trung tâm Học liệu Lê Vũ Hùng, Trường Đại học Đồng Tháp
LEADER 01091ppm a22003018a 4500
001 00031105
005 20171026081023.0
008 130913s2010 ||||||viesd
041 0 # |a vie 
082 1 4 |a 512  |b H110NH 
100 1 # |a Nguyễn, Viết Trung 
245 0 0 |a Hạt nhân và vết của một tương đẳng trên nửa nhóm chính quy.  |b Luận văn thạc sĩ toán học.  |c Nguyễn Viết Trung; Lê Quốc Hán (hướng dẫn) 
260 # # |a Vinh  |b Đại học Vinh  |c 2010 
300 # # |a 28 tr.  |c 30cm. 
500 # # |a ĐTTTS ghi: Bộ giáo dục và đào tạo. Trường Đại học Vinh 
653 # # |a Hạt nhân 
653 # # |a Luận văn 
653 # # |a vết 
653 # # |a toán học 
653 # # |a Nhóm chính quy 
653 # # |a Tương đẳng 
700 1 # |a Lê, Quốc Hán  |e Hướng dẫn 
852 # # |j LV.0000315 
852 # # |b Kho đọc SĐH  |j LV.0000315 
910 |d 13/09/2013 
980 # # |a Trung tâm Học liệu Lê Vũ Hùng, Trường Đại học Đồng Tháp